| 000 | 00349nam a2200133Ia 4500 | ||
|---|---|---|---|
| 005 | 20260328101525.0 | ||
| 008 | 260328s9999||||xx |||||||||||||| ||und|| | ||
| 100 | _aRapaport, Nina | ||
| 245 | 0 |
_aUrba interSections : _b Sao Paulo / _cNina Rapaport |
|
| 260 | _bYale School of Architecture | ||
| 300 | _a167 p. | ||
| 650 | _aDISEÑO URBANO | ||
| 942 | _cBK | ||
| 999 |
_c9760 _d9760 |
||